Bibliografía clariana del siglo XX en España / (Record no. 169342)

MARC details
000 -LEADER
campo de control de longitud fija 00664nam a22001935i 4500
001 - NÚMERO DE CONTROL
campo de control 169342
003 - IDENTIFICADOR DE NÚMERO DE CONTROL
campo de control ES-MaACL
005 - FECHA Y HORA DE LA ÚLTIMA TRANSACCIÓN
campo de control 20230906214050.0
008 - DATOS DE LONGITUD FIJA--INFORMACIÓN GENERAL
campo de control de longitud fija 080901s1994 sp |||| | spa d
080 ## - NÚMERO DE LA CLASIFICACIÓN DECIMAL UNIVERSAL
Número de la Clasificación Decimal Universal 016:271.973
080 ## - NÚMERO DE LA CLASIFICACIÓN DECIMAL UNIVERSAL
Número de la Clasificación Decimal Universal 013:271.973
100 1# - ENTRADA PRINCIPAL--NOMBRE DE PERSONA
Nombre de persona García de la Herrán Muñoz, María del Carmen.
9 (RLIN) 138425
245 10 - MENCIÓN DEL TÍTULO
Título Bibliografía clariana del siglo XX en España /
Mención de responsabilidad, etc. Mª del Carmen García de la Herrán Muñoz.
260 ## - PUBLICACIÓN, DISTRIBUCIÓN, ETC.
Lugar de publicación, distribución, etc. Madrid :
Nombre del editor, distribuidor, etc. [s.n.],
Fecha de publicación, distribución, etc. 1994.
300 ## - DESCRIPCIÓN FÍSICA
Extensión 61 p. ;
Dimensiones 22 cm.
595 ## -
-- Separata de: Verdad y vida, T. LII, números: 205-206.
610 14 - PUNTO DE ACCESO ADICIONAL DE MATERIA--NOMBRE DE ENTIDAD CORPORATIVA
Nombre de entidad corporativa o nombre de jurisdicción como elemento de entrada Clarisas-
Subdivisión general Bibliografías.
9 (RLIN) 138426
852 ## - LOCALIZACIÓN
Ubicación ES-MaACL
Número de control de estantería 2234-F-6
itemnumber R.142489
Holdings
Estatus retirado Estado de pérdida Estado de daño No para préstamo Colección Biblioteca de origen Biblioteca actual Ubicación en estantería Fecha de adquisición Fuente de adquisición Total de préstamos Signatura topográfica completa Código de barras Visto por última vez Precio de reemplazo Tipo de ítem Koha
        Colección de folletos Biblioteca del Ateneo de Madrid Biblioteca del Ateneo de Madrid Depósito folletos 01/09/2008     2234-F-6 1177786 23/02/2023 23/02/2023 Folleto